000 00526cam a22001811 04500
001 46293
090 _a46293
100 _a19590701d1959 k y0pory5003 ba
101 1 _apor
102 _aPT
200 1 _aOs mendigos de milagres
_eromance
_fConstantin Virgil Gheorghiu
_gtrad. de Virginia de Sousa
210 9 _aLisboa
_cBertrand,
_d[D.L. 1959]
215 _a237 p.
_d19 cm
675 _a821.135.1-31"19"
_vBN
_zpor
700 1 _aGheorghiu,
_bC. Virgil,
_f1916-1992
702 1 _aSousa,
_bVirgĂ­nia de
_4730
801 0 _aPT
_bBN
_gRPC
990 _cLIVROS